00345nam a2200133Ia 4500003000400000008004100004040001600045082002100061100001800082245005300100260002600153650001900179650001300198GCL140319s9999 xx 000 0 eng d aGCL / cGCL04aMbFA YUMb500001 aE&F. SPON LTD10aFAYUM: PLATE 33- SCALE 1:25000 / cE&F. SPON LTD a[S.N] : bE & FN SPON04aFAYOUM - EGYPT04aPLATE 33